Letters in biomathematics

Detalles Bibliográficos
Formato: Electrónico Revista
Lenguaje:inglés
Publicado: Normal, IL : Illinois State University, [2014]-
[Philadelphia, PA] : Taylor & Francis
Materias:
Acceso en línea:Full text available from Research Library: 01/01/2018 to present

MARC

LEADER 00000nas a2200000 i 4500
001 ssj0001466433
003 WaSeSS
005 20200512172242.0
006 m d
007 cr n
008 140701c20149999paufr pos 0 a0eng
010 |a  2014202986 
015 |a GBB629134  |2 bnb 
016 7 |a 101671731  |2 DNLM 
016 7 |a 017111069  |2 Uk 
022 |a 2373-7867  |l 2373-7867 
035 |a (WaSeSS)ssj0001466433 
040 |a DLC  |b eng  |e pn  |c DLC  |d DLC  |d OCLCF  |d NLM  |d CUS  |d UKMGB  |d VT2  |d OCLCO  |d OCLCA  |d WaSeSS 
042 |a nsdp  |a pcc 
050 0 0 |a QH324 
060 0 0 |a W1 
082 1 0 |a 574  |2 15 
210 1 0 |a Lett Biomath  |2 dnlm 
210 0 |a Lett. biomath. 
222 0 |a Letters in biomathematics 
245 0 0 |a Letters in biomathematics  |h [electronic resource]. 
260 |a Normal, IL :  |b Illinois State University,  |c [2014]- 
260 3 |3 <2014>- :  |a [Philadelphia, PA] :  |b Taylor & Francis 
310 |a Two issues per year,  |b 2014- 
362 1 |a Began with: Volume 1, Issue 1 (2014). 
506 |a License restrictions may limit access. 
588 |a Description based on: Volume 1, Issue 1 (2014); title from journal home page (publisher's website viewed July 1, 2014). 
588 |a Latest issue consulted: Vol. 2, no. 1 (2015) (viewed Feb. 9, 2016). 
650 0 |a Biomathematics  |v Periodicals. 
650 1 2 |a Computational Biology. 
650 1 2 |a Biostatistics. 
650 1 2 |a Models, Biological. 
650 7 |a Biomathematics.  |2 fast  |0 (OCoLC)fst00832555 
655 0 |a Electronic journals. 
850 |a DLC 
856 4 0 |z Full text available from Research Library: 01/01/2018 to present  |u https://search.proquest.com/publication/3934955